00760nam a22002057a 450000500170000001000150001702000270003203500140005903700130007308200170008610000250010324500790012826000460020727000740025330000300032770000210035794200310037899900190040995201260042820171101122404.0 aENG-120983 c2000.00a9780199468409 aEN-104515 bDBAD/PUB a333.95160222 aMukherjee, Dhritiman aMagical biodiversity of India /cDhritiman Mukherjee [and] Asad R. Rahmani aNew DelhibOxford Universties Pressc2016 a1st Floor, YMCA Library Building, 1 Jai Singh RoadbNew Delhie110001 ax, 279p.c24.5cm(Hb)bill aRahmani, Asad R. 2ddccENh333.95160222mMUK c146529d146529 001040718REFaLbLd2017-10-12eDBAD/PUBg2000.00l0o333.95160222 MUKpEN-104515r2017-10-12 00:00:00t1v2000.00yEN